Les communes limitrophes de Paris - Statistiques

Statistiques générales
  • Ce quiz a été pris 31 fois
  • Le résultat moyen est 18 sur 29
Statistiques - réponses
Réponse % Correct
Montreuil
94%
Saint-Denis
90%
Neuilly-sur-Seine
87%
Vincennes
87%
Boulogne-Billancourt
84%
Clichy
84%
Issy-les-Moulineaux
84%
Levallois-Perret
77%
Montrouge
77%
Saint-Ouen
77%
Aubervilliers
74%
Pantin
74%
Ivry-sur-Seine
71%
Vanves
65%
Bagnolet
61%
Les Lilas
61%
Malakoff
61%
Saint-Mandé
55%
Charenton-le-Pont
52%
Le Kremlin-Bicêtre
52%
Saint-Cloud
48%
Gentilly
45%
Le Pré-Saint-Gervais
45%
Puteaux
45%
Saint-Maurice
35%
Suresnes
35%
Joinville-le-Pont
32%
Nogent-sur-Marne
29%
Fontenay-sous-Bois
16%
Aucun quiz correspondant
Distribution des résultats
% des personnes avec chaque résultat
Percentile par nombre de réponses
Votre historique - résultats
Vous n’avez pas pris ce quiz